| 000 | 00713cab a22001935a 4500 | ||
|---|---|---|---|
| 001 | L148841 | ||
| 008 | 091116e20091023xxkd f 000 0 eng d | ||
| 035 | _a(Sirsi) u148841 | ||
| 041 | 0 | _aeng | |
| 100 | 1 | _aMoone, Brian | |
| 245 | 0 | 0 |
_aLead times _bApril-June 2009 |
| 260 | _c2009 | ||
| 490 | 0 |
_aBuilding _v274 (8602) 23 October 2009, 52-53 (2) |
|
| 520 | _aReports that there is no increase in works packages but on the opposite seven works packages have fallen. Gives details of lead times for various products including piling, concrete works, structural steel frames, cladding and roofing. | ||
| 590 | _aKA | ||
| 651 | 4 |
_aUnited Kingdom _y |
|
| 690 | _aBUILT ENVIRONMENT-BUILDING ELEMENTS | ||
| 942 | _n0 | ||
| 999 |
_c81972 _d81972 |
||